Shavarnim Haryana (Record no. 6711)

MARC details
000 -LEADER
fixed length control field 00321nam a2200133Ia 4500
003 - CONTROL NUMBER IDENTIFIER
control field OSt
008 - FIXED-LENGTH DATA ELEMENTS--GENERAL INFORMATION
fixed length control field 191201s2017 xx 000 0 und d
100 ## - MAIN ENTRY--PERSONAL NAME
Personal name SHARMA, Puran Chand
245 #0 - TITLE STATEMENT
Title Shavarnim Haryana
260 ## - PUBLICATION, DISTRIBUTION, ETC. (IMPRINT)
Place of publication, distribution, etc N. Delhi
Name of publisher, distributor, etc Haryana Granth Academy
Date of publication, distribution, etc 2017
300 ## - PHYSICAL DESCRIPTION
Extent 213
650 ## - SUBJECT ADDED ENTRY--TOPICAL TERM
Topical term or geographic name as entry element General Books
942 ## - ADDED ENTRY ELEMENTS (KOHA)
Source of classification or shelving scheme Dewey Decimal Classification
Koha item type Text Books
Holdings
Withdrawn status Lost status Source of classification or shelving scheme Damaged status Not for loan Collection code Home library Current library Date acquired Source of acquisition Cost, normal purchase price Bill Number Total Checkouts Full call number Acc. no. / Barcode Date last seen Date last borrowed Actual Cost, discounted price Bill Date Koha item type Public note
    Dewey Decimal Classification     IKS- Indian Knowledge System PIET C-LIBRARY PIET C-LIBRARY 19/09/2017 International Book Centre 250.00 4320 1 306.0954 SHS 29933 02/02/2026 21/01/2026 175.00 16/09/2017 Text Books History and Culture
    Dewey Decimal Classification     IKS- Indian Knowledge System PIET C-LIBRARY PIET C-LIBRARY 19/09/2017 Harvard Business Review Press 250.00 4320 1 306.0954 SHS 29934 13/09/2025 07/06/2025 175.00 16/09/2017 Text Books History and Culture
    Dewey Decimal Classification     IKS- Indian Knowledge System PIET C-LIBRARY PIET C-LIBRARY 19/09/2017 Harvard Business Review Press 250.00 4320   306.0954 SHS 29935 04/12/2019   175.00 16/09/2017 Text Books  
    Dewey Decimal Classification     IKS- Indian Knowledge System PIET C-LIBRARY PIET C-LIBRARY 19/09/2017 Harvard Business Review Press 250.00 4320 1 306.0954 SHS 29936 05/02/2026 31/01/2026 175.00 16/09/2017 Text Books History and Culture
    Dewey Decimal Classification     IKS- Indian Knowledge System PIET C-LIBRARY PIET C-LIBRARY 19/09/2017 Harvard Business Review Press 250.00 4320   306.0954 SHS 29937 04/12/2019   175.00 16/09/2017 Text Books History and Culture

Design & Developed by: PIET Central Library
R70 Miles Stone Pattikalyana Samalkha Panipat 132102
mail ID :- [email protected], Phone No:- 0180-2569700 Ex.216